Transformación del espacio y política de colonización (Record no. 187077)
[ view plain ]
| 000 -LEADER | |
|---|---|
| campo de control de longitud fija | 00774nam a2200205 i 4500 |
| 001 - NÚMERO DE CONTROL | |
| campo de control | 187077 |
| 003 - IDENTIFICADOR DE NÚMERO DE CONTROL | |
| campo de control | SpMaBN |
| 005 - FECHA Y HORA DE LA ÚLTIMA TRANSACCIÓN | |
| campo de control | 20230906222818.0 |
| 008 - DATOS DE LONGITUD FIJA--INFORMACIÓN GENERAL | |
| campo de control de longitud fija | 170410s1986 sp b |||| | spa d |
| 020 ## - NÚMERO INTERNACIONAL ESTÁNDAR DEL LIBRO | |
| Número Internacional Estándar del Libro | 84-600-4085-2 |
| 080 ## - NÚMERO DE LA CLASIFICACIÓN DECIMAL UNIVERSAL | |
| Número de la Clasificación Decimal Universal | 332.334(460.35):63 |
| 100 1# - ENTRADA PRINCIPAL--NOMBRE DE PERSONA | |
| Nombre de persona | Reguera Rodríguez, Antonio T. |
| 9 (RLIN) | 95935 |
| 245 10 - MENCIÓN DEL TÍTULO | |
| Título | Transformación del espacio y política de colonización |
| Resto del título | : el Bajo Guadalquivir / |
| Mención de responsabilidad, etc. | Antonio Reguera Rodríguez. |
| 260 ## - PUBLICACIÓN, DISTRIBUCIÓN, ETC. | |
| Lugar de publicación, distribución, etc. | León : |
| Nombre del editor, distribuidor, etc. | Diputación Provincial : |
| -- | Universidad, Secretariado de Publicaciones, |
| Fecha de publicación, distribución, etc. | [1986] |
| 300 ## - DESCRIPCIÓN FÍSICA | |
| Extensión | 199 p. : |
| Otras características físicas | mapas ; |
| Dimensiones | 21 cm. |
| 504 ## - NOTA DE BIBLIOGRAFÍA, ETC. | |
| Nota de bibliografía, etc. | Bibliografía: p. 193-199. |
| 650 #7 - PUNTO DE ACCESO ADICIONAL DE MATERIA--TÉRMINO DE MATERIA | |
| Término de materia o nombre geográfico como elemento de entrada | Colonización agraria- |
| Subdivisión geográfica | Guadalquivir (España, Valle) |
| 9 (RLIN) | 162334 |
| 710 2# - ENTRADA AGREGADA--NOMBRE DE ENTIDAD CORPORATIVA | |
| Nombre de entidad corporativa o nombre de jurisdicción como elemento de entrada | Universidad de León. |
| 9 (RLIN) | 7200 |
| 852 ## - LOCALIZACIÓN | |
| Ubicación | ES-MaACL |
| Número de control de estantería | L-31398 |
| Estatus retirado | Estado de pérdida | Estado de daño | No para préstamo | Biblioteca de origen | Biblioteca actual | Ubicación en estantería | Fecha de adquisición | Fuente de adquisición | Total de préstamos | Signatura topográfica completa | Código de barras | Visto por última vez | Precio de reemplazo | Tipo de ítem Koha |
|---|---|---|---|---|---|---|---|---|---|---|---|---|---|---|
| Biblioteca del Ateneo de Madrid | Biblioteca del Ateneo de Madrid | Depósito 2 | 10/04/2017 | L-31398 | 1197364 | 23/02/2023 | 23/02/2023 | Libro impreso |
